00329nam a2200133Ia 4500008004100000020001500041041001200056082001600068100001800084245005200102260002500154300000800179650000800187221030s9999 xx 000 0 und d a0070445338 aEnglish a105.23bSko aM. I. Skolnik 0aIntroduction to Radar Systemscby M. I. Skolnik bTMHaNew Delhic2001 a772 aECE